MARC

LEADER 00000nam0a2200000 4500
001 276079
005 20231101234903.0
035 |a (RuTPU)RU\TPU\book\299332 
090 |a 276079 
100 |a 20141119d1985 k y0rusy50 ca 
101 0 |a rus 
102 |a RU 
105 |a a z 001zy 
200 1 |a Органическое вещество современных и ископаемых осадков  |f Междуведомственный литологический комитет ; под ред. П. П. Тимофеева 
210 |a Москва  |c Наука  |d 1985 
215 |a 229 с.  |c ил. 
320 |a Библиогр. в конце ст. 
606 1 |a Осадконакопление  |2 stltpush  |3 (RuTPU)RU\TPU\subj\47518  |9 66445 
610 1 |a ископаемые осадки 
610 1 |a органическое вещество 
610 1 |a состав 
610 1 |a фациальные обстановки 
610 1 |a минеральная часть 
610 1 |a нефтегазообразования 
675 |a 551.3.051  |v 3 
702 1 |a Тимофеев  |b П. П.  |4 340 
712 0 2 |a Междуведомственный литологический комитет  |2 stltpush  |3 (RuTPU)RU\TPU\col\11308  |9 25031 
801 1 |a RU  |b 63413507  |c 20141119 
801 2 |a RU  |b 63413507  |c 20160427  |g RCR 
942 |c BK